000 01342nam a2200313 i 4500
003 EG-GICUC
005 20260121101431.0
008 251205s2006 ua ||||fr|||| 00| 0 ara d
017 _a٢٠٠٥/٢١١٨٣
040 _a EG-GICUC
_bara
_c EG-GICUC
_d EG-GICUC
_erda
041 0 _aara
082 0 4 _221
_a345.324
_bد ا . ن
092 0 4 _221
099 _aLaw1 07 345.324 د ا . ن 2006
100 0 _aداود عبد الرازق الباز
_eمؤلف.
245 1 2 _aالنظام القانوني لعقد المعاونة :
_bفي تسيير المرافق العامة (( تبرعات الأشخاص للدولة)) دراسة تحليلية مقارنة /
_cدكتور داود عبد الرازق الباز.
264 1 _aالإسكندرية :
_bدار الفكر الجامعي،
_c2006.
300 _a230 ؛صفحة
_c24 سم.
336 _2rda content
_atext
337 _2rda media
_aComputer
338 _2rda carrier
_aOnline Resource
504 _a.225-200 ببليوجرافيا: صفحات
546 _aالنص أغلبه باللغة العربية مع بعض النصوص الفرنسية
650 1 4 _aطرق ادارة المرافق العامة
650 1 4 _aالقانون الإداري
856 4 0 _uhttps://fll.law.cu.edu.eg/fulltext/bks/B07-01297.pdf
905 _a32
_eYara
942 _2ddc
_cBK
_e21
_n0
999 _c48443
_d48443